[Event "18. Obert Int. Sant Marti 2016 - B"]
[Site "Barcelona ESP"]
[Date "2016.07.19"]
[Round "7.19"]
[White "Ramal Mata, Rodrigo"]
[Black "Martinez Hernandez, Emili"]
[Result "1-0"]
[WhiteElo "1948"]
[BlackElo "1796"]
[PlyCount "117"]
[EventDate "2016.07.13"]
[EventType "swiss"]
[EventRounds "9"]
[EventCountry "ESP"]
[SourceTitle "Ajedrez en Madrid"]
[Source "lmi"]
[SourceDate "2016.07.13"]
[SourceVersion "1"]
[SourceVersionDate "2019.06.21"]
[SourceQuality "1"]

1. d4 Nf6 2. Bf4 g6 3. e3 Bg7 4. Nf3 O-O 5. h3 d6 6. Be2 c5 7. c3 cxd4 8. exd4
Qb6 9. Qb3 Qxb3 10. axb3 Nc6 11. O-O e5 12. dxe5 Nh5 13. Bh2 dxe5 14. Nbd2 Nf4
15. Bb5 Rd8 16. Ra4 a6 17. Bxf4 exf4 18. Bxc6 bxc6 19. Re1 g5 20. Nc4 g4 21.
Nb6 Rb8 22. Nxc8 gxf3 23. Ne7+ Kf8 24. Nxc6 Re8 25. Rxe8+ Rxe8 26. Rxa6 Bf6 27.
gxf3 Re2 28. Nb4 Kg7 29. Nd3 Bh4 30. b4 Rd2 31. Rd6 Bxf2+ 32. Kf1 Be3 33. h4
Rh2 34. Ne5 Rxh4 35. Nc4 Bc1 36. Kg2 Rh5 37. Rd1 Rg5+ 38. Kf2 Be3+ 39. Nxe3
fxe3+ 40. Kxe3 h5 41. Rd2 Kg6 42. f4 Rg3+ 43. Ke4 f5+ 44. Kd4 h4 45. Rh2 Kh5
46. b5 Kg4 47. b6 Kxf4 48. Rxh4+ Kf3 49. c4 Rg2 50. b4 f4 51. b7 Rg8 52. c5 Kg3
53. Rh7 Rd8+ 54. Ke5 f3 55. Rf7 Re8+ 56. Kd6 f2 57. c6 Rd8+ 58. Kc7 Re8 59.
b8=Q 1-0

[Event "18. Obert Int. Sant Marti 2016 - B"]
[Site "Barcelona ESP"]
[Date "2016.07.19"]
[Round "7.20"]
[White "Salazar Navas, Josep"]
[Black "Parayre Soguero, Jordi"]
[Result "0-1"]
[WhiteElo "1790"]
[BlackElo "1918"]
[PlyCount "56"]
[EventDate "2016.07.13"]
[EventType "swiss"]
[EventRounds "9"]
[EventCountry "ESP"]
[SourceTitle "Ajedrez en Madrid"]
[Source "lmi"]
[SourceDate "2016.07.13"]
[SourceVersion "1"]
[SourceVersionDate "2019.06.21"]
[SourceQuality "1"]

1. e4 c6 2. d4 d5 3. exd5 cxd5 4. c4 Nf6 5. Nc3 Nc6 6. Bf4 Be6 7. c5 g6 8. Bb5
Bg7 9. Qa4 Bd7 10. Nf3 O-O 11. O-O a6 12. Bxc6 Bxc6 13. Qb4 Ne4 14. Rfe1 Qd7
15. Ne5 Qf5 16. Nxc6 bxc6 17. Be3 Rab8 18. Qa3 e5 19. Nxe4 dxe4 20. Rad1 Rfd8
21. Qc3 exd4 22. Bxd4 Qd5 23. Bf6 Qxd1 24. Bxg7 Rd3 25. Bh6 Rxc3 26. Rxd1 Rxc5
27. b4 Rd5 28. Rb1 Rxb4 0-1

[Event "18. Obert Int. Sant Marti 2016 - B"]
[Site "Barcelona ESP"]
[Date "2016.07.19"]
[Round "7.21"]
[White "Riera Danes, Manel"]
[Black "Garcia Punzano, Josep Lluis"]
[Result "1-0"]
[WhiteElo "1916"]
[BlackElo "1785"]
[PlyCount "89"]
[EventDate "2016.07.13"]
[EventType "swiss"]
[EventRounds "9"]
[EventCountry "ESP"]
[SourceTitle "Ajedrez en Madrid"]
[Source "lmi"]
[SourceDate "2016.07.13"]
[SourceVersion "1"]
[SourceVersionDate "2019.06.21"]
[SourceQuality "1"]

1. e4 c5 2. Nf3 d6 3. d4 cxd4 4. Nxd4 Nf6 5. Nc3 g6 6. Be3 Bg7 7. Be2 O-O 8.
O-O Nc6 9. Nb3 a6 10. f4 Qc7 11. h3 b5 12. Bf3 Bb7 13. Nd5 Nxd5 14. exd5 Na5
15. Nxa5 Qxa5 16. c3 Qc7 17. Qd2 Bc8 18. Rac1 Bd7 19. b3 Rab8 20. c4 bxc4 21.
Rxc4 Qb7 22. Rfc1 Rfc8 23. R1c2 Bf5 24. Rc1 Rxc4 25. Rxc4 Rc8 26. Rc6 Bd7 27.
Rb6 Qa8 28. a4 Bc3 29. Qd3 a5 30. Rc6 Bxc6 31. dxc6 Bb4 32. c7 Qxf3 33. gxf3
Rxc7 34. Bd4 f6 35. Bb6 Rc3 36. Qd5+ Kg7 37. Bxa5 Bc5+ 38. Kf1 Rc1+ 39. Ke2 Rh1
40. Qe6 Rh2+ 41. Kd3 Kh6 42. Qxe7 Rxh3 43. Qxf6 Rxf3+ 44. Kc4 Rg3 45. Qh4+ 1-0

[Event "18. Obert Int. Sant Marti 2016 - B"]
[Site "Barcelona ESP"]
[Date "2016.07.19"]
[Round "7.22"]
[White "Romero Funieles, Rafael"]
[Black "Garcia Clemente, Julian Fco."]
[Result "0-1"]
[WhiteElo "1774"]
[BlackElo "1910"]
[PlyCount "78"]
[EventDate "2016.07.13"]
[EventType "swiss"]
[EventRounds "9"]
[EventCountry "ESP"]
[SourceTitle "Ajedrez en Madrid"]
[Source "lmi"]
[SourceDate "2016.07.13"]
[SourceVersion "1"]
[SourceVersionDate "2019.06.21"]
[SourceQuality "1"]

1. e4 c5 2. c4 Nc6 3. Nf3 g6 4. h3 Bg7 5. Nc3 d6 6. a3 Nf6 7. Be2 O-O 8. d3 a6
9. Bd2 Bd7 10. Qc1 Na5 11. Bd1 Nc6 12. Bh6 Ne5 13. Nxe5 dxe5 14. Bxg7 Kxg7 15.
Be2 b5 16. cxb5 axb5 17. O-O Qb6 18. Nd5 Nxd5 19. exd5 Qd6 20. Qe3 f5 21. Rac1
Rac8 22. f4 exf4 23. Rxf4 g5 24. Rf2 f4 25. Qe4 Rf5 26. d4 Rxd5 27. dxc5 Rcxc5
28. Rxc5 Rxc5 29. Rf1 Re5 30. Qc2 Bf5 31. Qc3 Kg6 32. Rd1 Qb6+ 33. Kf1 Re3 34.
Qh8 Qe6 35. Qe8+ Kg7 36. Bxb5 f3 37. Bd7 fxg2+ 38. Kxg2 Bxh3+ 39. Kh1 Qe4+ 0-1

[Event "18. Obert Int. Sant Marti 2016 - B"]
[Site "Barcelona ESP"]
[Date "2016.07.19"]
[Round "7.23"]
[White "Martin Arranz, Lluis"]
[Black "Molina Hernandez, Albert"]
[Result "0-1"]
[WhiteElo "1771"]
[BlackElo "1908"]
[PlyCount "76"]
[EventDate "2016.07.13"]
[EventType "swiss"]
[EventRounds "9"]
[EventCountry "ESP"]
[SourceTitle "Ajedrez en Madrid"]
[Source "lmi"]
[SourceDate "2016.07.13"]
[SourceVersion "1"]
[SourceVersionDate "2019.06.21"]
[SourceQuality "1"]

1. e4 c5 2. Nf3 Nc6 3. Bb5 e6 4. O-O Nge7 5. c3 a6 6. Ba4 g6 7. Re1 Bg7 8. d3
O-O 9. Nbd2 b5 10. Bb3 Bb7 11. Nf1 d5 12. Bg5 Qc7 13. Ng3 h6 14. Bd2 Rad8 15.
Qc1 Kh7 16. Bc2 Rd7 17. e5 d4 18. Re2 c4 19. cxd4 Nxd4 20. Nxd4 Rxd4 21. dxc4
Rxc4 22. Be3 Rc8 23. Nh5 Rxc2 24. Nf6+ Bxf6 25. Rxc2 Qxc2 26. Qxc2 Rxc2 27.
exf6 Nf5 28. Bb6 Rxb2 29. g4 Nh4 30. h3 Nf3+ 31. Kg2 g5 32. Rc1 Ne5+ 33. Kg3
Nc4 34. Bc5 Rxa2 35. Rd1 Bd5 36. h4 Nd2 37. Be3 Ne4+ 38. Kf3 Nc3+ 0-1

[Event "18. Obert Int. Sant Marti 2016 - B"]
[Site "Barcelona ESP"]
[Date "2016.07.19"]
[Round "7.24"]
[White "Andreu Termes, Frederic"]
[Black "Moysen Cortes, Jessica"]
[Result "1-0"]
[WhiteElo "1870"]
[BlackElo "1740"]
[PlyCount "107"]
[EventDate "2016.07.13"]
[EventType "swiss"]
[EventRounds "9"]
[EventCountry "ESP"]
[SourceTitle "Ajedrez en Madrid"]
[Source "lmi"]
[SourceDate "2016.07.13"]
[SourceVersion "1"]
[SourceVersionDate "2019.06.21"]
[SourceQuality "1"]

1. c4 Nf6 2. g3 e6 3. Bg2 d5 4. Nf3 dxc4 5. Qa4+ Nbd7 6. Qxc4 a6 7. O-O b5 8.
Qc2 Bb7 9. b3 Be7 10. Bb2 O-O 11. d3 c5 12. Nbd2 Rc8 13. Rac1 Qb6 14. Qb1 Rc7
15. e4 Rfc8 16. Ne5 Nxe5 17. Bxe5 Rd7 18. Rfd1 Ng4 19. Ba1 c4 20. d4 Ba3 21.
Bb2 Bxb2 22. Qxb2 c3 23. Rxc3 Rxd4 24. Rxc8+ Bxc8 25. Rc1 Rd8 26. Nf3 Bb7 27.
h3 Nf6 28. e5 Ne4 29. Qe2 Nxg3 30. Qc2 Nf5 31. Qc7 Qxc7 32. Rxc7 Rb8 33. Ng5
Bxg2 34. Kxg2 f6 35. exf6 gxf6 36. Nxh7 Ng7 37. Nxf6+ Kh8 38. Ra7 Rf8 39. Ng4
Nh5 40. Rxa6 Nf4+ 41. Kg3 Ne2+ 42. Kh2 Nd4 43. Rd6 Nf3+ 44. Kg3 Ng5 45. Kg2 Rf4
46. Rb6 b4 47. Rb7 Nf7 48. Kg3 Rf5 49. Rxb4 Kg7 50. a4 Ng5 51. f4 Nf7 52. Rb7
Kg6 53. Rxf7 Kxf7 54. Nh6+ 1-0

[Event "18. Obert Int. Sant Marti 2016 - B"]
[Site "Barcelona ESP"]
[Date "2016.07.19"]
[Round "7.25"]
[White "Abarca Garcia, Xavier"]
[Black "Moreno Oller, Victor"]
[Result "1-0"]
[WhiteElo "1864"]
[BlackElo "1380"]
[PlyCount "57"]
[EventDate "2016.07.13"]
[EventType "swiss"]
[EventRounds "9"]
[EventCountry "ESP"]
[SourceTitle "Ajedrez en Madrid"]
[Source "lmi"]
[SourceDate "2016.07.13"]
[SourceVersion "1"]
[SourceVersionDate "2019.06.21"]
[SourceQuality "1"]

1. d4 Nf6 2. c4 g6 3. Nc3 Bg7 4. e4 d6 5. h3 O-O 6. Bg5 h6 7. Be3 e5 8. d5 Nbd7
9. Nf3 Nc5 10. Nd2 a5 11. g4 h5 12. Be2 hxg4 13. hxg4 Bd7 14. f3 Nh7 15. Qc2 f5
16. gxf5 gxf5 17. O-O-O fxe4 18. fxe4 Nf6 19. Rdg1 Qe8 20. Qd1 Qe7 21. Kc2 Na4
22. Bh6 Nxc3 23. Kxc3 Rf7 24. Rxg7+ Rxg7 25. Bxg7 Kxg7 26. Qg1+ Kf7 27. Bh5+
Nxh5 28. Rxh5 Qf6 29. Rh7+ 1-0

[Event "18. Obert Int. Sant Marti 2016 - B"]
[Site "Barcelona ESP"]
[Date "2016.07.19"]
[Round "7.26"]
[White "Santolaria Pena, M."]
[Black "Martos Amiguet, Valentina"]
[Result "0-1"]
[WhiteElo "1846"]
[BlackElo "1312"]
[PlyCount "104"]
[EventDate "2016.07.13"]
[EventType "swiss"]
[EventRounds "9"]
[EventCountry "ESP"]
[SourceTitle "Ajedrez en Madrid"]
[Source "lmi"]
[SourceDate "2016.07.13"]
[SourceVersion "1"]
[SourceVersionDate "2019.06.21"]
[SourceQuality "1"]

1. d4 Nf6 2. Bf4 b6 3. Nf3 Bb7 4. e3 e6 5. Nbd2 c5 6. c3 Nc6 7. Bd3 Be7 8. O-O
O-O 9. Qe2 Re8 10. dxc5 bxc5 11. e4 d6 12. h3 Qd7 13. Rfe1 Rad8 14. Rad1 Ba8
15. Bc2 Qb7 16. b3 Bf8 17. Kh1 Rd7 18. g4 h6 19. Rg1 g6 20. Kh2 e5 21. Bg3 Kh7
22. c4 Nd4 23. Nxd4 cxd4 24. Qd3 Bg7 25. Rde1 Rde7 26. f3 Rh8 27. Bb1 Qd7 28.
Rc1 Rc8 29. Rgf1 g5 30. Kg2 Ree8 31. Rc2 Qe7 32. Rfc1 Nd7 33. Be1 Rc6 34. b4
Rc7 35. a3 Rec8 36. Nb3 Bf8 37. Nxd4 exd4 38. e5+ Kg8 39. Re2 Bg7 40. exd6 Qxd6
41. Bg3 Ne5 42. Bxe5 Bxe5 43. c5 Qf6 44. Rxe5 Qxe5 45. Qh7+ Kf8 46. Qxh6+ Ke8
47. Kf1 Re7 48. Bd3 Kd8 49. Qa6 Rcc7 50. Rc2 Bxf3 51. Rc1 Bb7 52. Qh6 Qf4+ 0-1

[Event "18. Obert Int. Sant Marti 2016 - B"]
[Site "Barcelona ESP"]
[Date "2016.07.19"]
[Round "7.27"]
[White "Olivas Montoya, Albert"]
[Black "Ayza Casamitjana, Antoni"]
[Result "1/2-1/2"]
[WhiteElo "1746"]
[BlackElo "1818"]
[PlyCount "37"]
[EventDate "2016.07.13"]
[EventType "swiss"]
[EventRounds "9"]
[EventCountry "ESP"]
[SourceTitle "Ajedrez en Madrid"]
[Source "lmi"]
[SourceDate "2016.07.13"]
[SourceVersion "1"]
[SourceVersionDate "2019.06.21"]
[SourceQuality "1"]

1. d4 Nf6 2. c4 c6 3. Nc3 d5 4. Bf4 e6 5. Nf3 Bb4 6. e3 O-O 7. Bd3 dxc4 8. Bxc4
Nd5 9. Bxd5 exd5 10. O-O Bg4 11. Qb3 Qe7 12. Ne5 Bc8 13. Rac1 Bxc3 14. Qxc3 Nd7
15. a4 Nxe5 16. Bxe5 f6 17. Bg3 Rf7 18. b4 Bg4 19. Qc5 1/2-1/2

[Event "18. Obert Int. Sant Marti 2016 - B"]
[Site "Barcelona ESP"]
[Date "2016.07.19"]
[Round "7.28"]
[White "Quero Ortega, Juan"]
[Black "Pascual Gonzalez-Novelles, Carles"]
[Result "1/2-1/2"]
[WhiteElo "1805"]
[BlackElo "1718"]
[PlyCount "83"]
[EventDate "2016.07.13"]
[EventType "swiss"]
[EventRounds "9"]
[EventCountry "ESP"]
[SourceTitle "Ajedrez en Madrid"]
[Source "lmi"]
[SourceDate "2016.07.13"]
[SourceVersion "1"]
[SourceVersionDate "2019.06.21"]
[SourceQuality "1"]

1. c4 Nf6 2. g3 g6 3. Bg2 Bg7 4. Nf3 c6 5. O-O O-O 6. Nc3 d6 7. d4 Nbd7 8. Qc2
d5 9. c5 b6 10. cxb6 Nxb6 11. b3 Bf5 12. Qb2 Nfd7 13. Qd2 c5 14. Bb2 c4 15.
Rae1 Nf6 16. Nh4 Be6 17. e4 dxe4 18. Nxe4 Nxe4 19. Bxe4 Rc8 20. Rc1 Bd5 21.
Bxd5 Qxd5 22. Qb4 cxb3 23. axb3 Bf6 24. Ng2 Qe4 25. Qd2 Rxc1 26. Rxc1 Rd8 27.
Qa5 Rd7 28. Ne3 Qd3 29. Qb4 Nd5 30. Nxd5 Rxd5 31. Qb8+ Kg7 32. Qxa7 Qd2 33. Qa1
Ra5 34. Bc3 Rxa1 35. Bxd2 Rxc1+ 36. Bxc1 Bxd4 37. Kf1 Kf6 38. Ke2 Ke5 39. f3
Kd5 40. Kd3 h5 41. h3 f5 42. g4 1/2-1/2

[Event "18. Obert Int. Sant Marti 2016 - B"]
[Site "Barcelona ESP"]
[Date "2016.07.19"]
[Round "7.29"]
[White "Martin Vilanova, Jordi"]
[Black "Sanchez Paz, Josep"]
[Result "1-0"]
[WhiteElo "1919"]
[BlackElo "1709"]
[PlyCount "69"]
[EventDate "2016.07.13"]
[EventType "swiss"]
[EventRounds "9"]
[EventCountry "ESP"]
[SourceTitle "Ajedrez en Madrid"]
[Source "lmi"]
[SourceDate "2016.07.13"]
[SourceVersion "1"]
[SourceVersionDate "2019.06.21"]
[SourceQuality "1"]

1. Nf3 d5 2. g3 Nf6 3. Bg2 Bf5 4. c4 e6 5. O-O Be7 6. b3 O-O 7. Bb2 Nbd7 8. d4
c6 9. Nh4 Be4 10. Nf3 Qb6 11. Nbd2 Bg6 12. Nh4 Ne4 13. Nxg6 hxg6 14. Nxe4 dxe4
15. Bxe4 Nf6 16. Bg2 Rad8 17. Qc2 Rd7 18. Rad1 Rfd8 19. e4 Qa5 20. a3 Qh5 21.
f4 Qh6 22. Qe2 Nh7 23. e5 g5 24. f5 exf5 25. Rxf5 Nf8 26. b4 c5 27. d5 Ng6 28.
d6 cxb4 29. axb4 Bf8 30. Bd5 Nh8 31. Bc1 Bxd6 32. exd6 Qg6 33. Rxg5 Qb1 34.
Rxg7+ Kf8 35. Bh6 1-0

[Event "18. Obert Int. Sant Marti 2016 - B"]
[Site "Barcelona ESP"]
[Date "2016.07.19"]
[Round "7.30"]
[White "Reixach Ministral, Eduard"]
[Black "Subirana Santos, Marc"]
[Result "1-0"]
[WhiteElo "1870"]
[BlackElo "1706"]
[PlyCount "77"]
[EventDate "2016.07.13"]
[EventType "swiss"]
[EventRounds "9"]
[EventCountry "ESP"]
[SourceTitle "Ajedrez en Madrid"]
[Source "lmi"]
[SourceDate "2016.07.13"]
[SourceVersion "1"]
[SourceVersionDate "2019.06.21"]
[SourceQuality "1"]

1. e4 g6 2. d4 Bg7 3. Nc3 a6 4. Be3 b5 5. Qd2 e6 6. f3 d6 7. O-O-O Nd7 8. h4
Nb6 9. g4 b4 10. Nb1 a5 11. h5 Qd7 12. b3 a4 13. Qxb4 Ba6 14. hxg6 fxg6 15. Nh3
Bxf1 16. Rhxf1 Ne7 17. Nf4 axb3 18. axb3 e5 19. Ne2 Nc6 20. Qc3 exd4 21. Nxd4
O-O 22. Qxc6 Qxc6 23. Nxc6 Nd7 24. Bd4 Bh6+ 25. Kb2 Ra6 26. Ne7+ Kf7 27. Rh1
Kxe7 28. Rxh6 Rxf3 29. Rxh7+ Ke8 30. Rg7 Rf4 31. Rh1 c5 32. Rh8+ Nf8 33. Rb7
cxd4 34. Nd2 Ra8 35. Nc4 Rd8 36. e5 dxe5 37. Nxe5 g5 38. Nc6 d3 39. Re7# 1-0

[Event "18. Obert Int. Sant Marti 2016 - B"]
[Site "Barcelona ESP"]
[Date "2016.07.19"]
[Round "7.31"]
[White "Poyato Ruiz, Fernando"]
[Black "Berengeno Vierge, Rodolfo"]
[Result "1-0"]
[WhiteElo "1840"]
[BlackElo "1699"]
[PlyCount "65"]
[EventDate "2016.07.13"]
[EventType "swiss"]
[EventRounds "9"]
[EventCountry "ESP"]
[SourceTitle "Ajedrez en Madrid"]
[Source "lmi"]
[SourceDate "2016.07.13"]
[SourceVersion "1"]
[SourceVersionDate "2019.06.21"]
[SourceQuality "1"]

1. d4 e5 2. e3 exd4 3. exd4 d5 4. c4 Nf6 5. Nf3 Bb4+ 6. Nc3 O-O 7. h3 Ne4 8.
Qc2 Re8 9. Be3 Bf5 10. Qb3 Bxc3+ 11. bxc3 c5 12. Be2 dxc4 13. Bxc4 Nd6 14. Be2
cxd4 15. Nxd4 Bg6 16. O-O Nd7 17. Rfd1 Nc5 18. Qb4 Qc7 19. Nb5 Nxb5 20. Bxb5
Re5 21. Bf4 a6 22. Bxe5 Qxe5 23. Re1 Ne4 24. Bd3 Qxc3 25. Qxc3 Nxc3 26. Bxg6
hxg6 27. Re7 Rb8 28. a4 b5 29. axb5 axb5 30. Raa7 b4 31. Rxf7 b3 32. Rxg7+ Kf8
33. Rh7 1-0

[Event "18. Obert Int. Sant Marti 2016 - B"]
[Site "Barcelona ESP"]
[Date "2016.07.19"]
[Round "7.32"]
[White "Martin Valentin, Francisco"]
[Black "Maqueda Berdugo, Francisco"]
[Result "1/2-1/2"]
[WhiteElo "1836"]
[BlackElo "1696"]
[PlyCount "150"]
[EventDate "2016.07.13"]
[EventType "swiss"]
[EventRounds "9"]
[EventCountry "ESP"]
[SourceTitle "Ajedrez en Madrid"]
[Source "lmi"]
[SourceDate "2016.07.13"]
[SourceVersion "1"]
[SourceVersionDate "2019.06.21"]
[SourceQuality "1"]

1. c4 e6 2. g3 d5 3. Bg2 Nf6 4. Nf3 Be7 5. b3 O-O 6. Bb2 dxc4 7. bxc4 c5 8. O-O
Nc6 9. a3 Qc7 10. Nc3 a6 11. Qc2 Rb8 12. Ne4 Nxe4 13. Qxe4 Rd8 14. d3 b5 15.
cxb5 axb5 16. Nh4 Bb7 17. Qg4 g6 18. Nf3 h5 19. Qe4 Nd4 20. Qe3 Nc2 21. Qh6 Nd4
22. Nxd4 cxd4 23. Rfc1 Qd7 24. Bxb7 Qxb7 25. Qf4 Qd5 26. Rc7 Qd6 27. Qxd4 Qxd4
28. Bxd4 Bd6 29. Ra7 Ra8 30. Rxa8 Rxa8 31. Bb2 b4 32. axb4 Rxa1+ 33. Bxa1 Bxb4
34. e3 Kf8 35. Kg2 Ke7 36. Kf3 Be1 37. Ke2 Bb4 38. e4 Kd6 39. f4 Bc5 40. d4 Bb4
41. h3 Ba5 42. g4 hxg4 43. hxg4 f5 44. Kf3 Bd2 45. Bb2 Bb4 46. Bc1 Bc3 47. gxf5
gxf5 48. Ke3 Ba5 49. Kd3 Be1 50. exf5 exf5 51. Kc4 Bg3 52. Ba3+ Kd7 53. Bc1 Kd6
54. Be3 Be1 55. d5 Ba5 56. Bd4 Bd2 57. Be5+ Kd7 58. Kd4 Ba5 59. Kc5 Bd2 60. d6
Bc1 61. Kd5 Ba3 62. Kc4 Bxd6 63. Bxd6 Kxd6 64. Kd4 Ke6 65. Kc5 Ke7 66. Kd5 Kd7
67. Ke5 Ke7 68. Kxf5 Kf7 69. Ke5 Ke7 70. f5 Kf7 71. f6 Kf8 72. Ke6 Ke8 73. Ke5
Kf7 74. Kf5 Kf8 75. Kg6 Kg8 1/2-1/2

[Event "18. Obert Int. Sant Marti 2016 - B"]
[Site "Barcelona ESP"]
[Date "2016.07.19"]
[Round "7.33"]
[White "Di Fiori Piccolo, Elcio"]
[Black "Martinez Balaguer, Josep"]
[Result "0-1"]
[WhiteElo "1666"]
[BlackElo "1834"]
[PlyCount "30"]
[EventDate "2016.07.13"]
[EventType "swiss"]
[EventRounds "9"]
[EventCountry "ESP"]
[SourceTitle "Ajedrez en Madrid"]
[Source "lmi"]
[SourceDate "2016.07.13"]
[SourceVersion "1"]
[SourceVersionDate "2019.06.21"]
[SourceQuality "1"]

1. c4 f5 2. Nc3 Nf6 3. g3 g6 4. d3 Bg7 5. Bg2 O-O 6. Nf3 d6 7. O-O e5 8. Qc2
Nc6 9. a3 a5 10. Bd2 h6 11. Rab1 g5 12. e4 f4 13. Nd5 g4 14. Nh4 f3 15. Bh1 Nd4
0-1

[Event "18. Obert Int. Sant Marti 2016 - B"]
[Site "Barcelona ESP"]
[Date "2016.07.19"]
[Round "7.34"]
[White "Gonzalez Moreno, Antoni"]
[Black "Pascual Gonzalez-Novelles, David"]
[Result "1-0"]
[WhiteElo "1822"]
[BlackElo "1650"]
[PlyCount "115"]
[EventDate "2016.07.13"]
[EventType "swiss"]
[EventRounds "9"]
[EventCountry "ESP"]
[SourceTitle "Ajedrez en Madrid"]
[Source "lmi"]
[SourceDate "2016.07.13"]
[SourceVersion "1"]
[SourceVersionDate "2019.06.21"]
[SourceQuality "1"]

1. c4 c5 2. Nc3 Nf6 3. g3 e5 4. Bg2 Nc6 5. e3 Be7 6. Nge2 O-O 7. O-O d6 8. b3
Rb8 9. Bb2 Bd7 10. d4 cxd4 11. exd4 a6 12. Qd2 Qc8 13. Rad1 Bh3 14. dxe5 Nxe5
15. Qe3 Bxg2 16. Kxg2 Re8 17. Nf4 Bf8 18. Qd4 Nc6 19. Qd2 Qf5 20. f3 g5 21.
Nfd5 Nxd5 22. Nxd5 Bg7 23. Bxg7 Kxg7 24. Qc3+ Qe5 25. Qxe5+ Rxe5 26. Rfe1 Rbe8
27. Rxe5 Rxe5 28. Kf2 b5 29. cxb5 axb5 30. Nc7 b4 31. Rxd6 Rc5 32. Rd2 Kg6 33.
Nd5 Kf5 34. Ne3+ Ke6 35. Rc2 Rc3 36. Rxc3 bxc3 37. Nc2 Kd5 38. Ke3 f5 39. f4
gxf4+ 40. gxf4 Ne7 41. Kd3 Kc5 42. Kxc3 Nd5+ 43. Kb2 Nxf4 44. Ne3 Nd3+ 45. Kc3
Nb4 46. a3 Na2+ 47. Kb2 f4 48. Nf1 h5 49. h4 Nb4 50. axb4+ Kxb4 51. Kc2 Kc5 52.
Kd3 f3 53. Ke3 Kb4 54. Kxf3 Kxb3 55. Kf4 Kc4 56. Kg5 Kd5 57. Kxh5 Ke6 58. Kg6
1-0

[Event "18. Obert Int. Sant Marti 2016 - B"]
[Site "Barcelona ESP"]
[Date "2016.07.19"]
[Round "7.35"]
[White "Julia Yebra, David"]
[Black "Romero Gamez, Francisco Javier"]
[Result "1-0"]
[WhiteElo "1822"]
[BlackElo "1649"]
[PlyCount "43"]
[EventDate "2016.07.13"]
[EventType "swiss"]
[EventRounds "9"]
[EventCountry "ESP"]
[SourceTitle "Ajedrez en Madrid"]
[Source "lmi"]
[SourceDate "2016.07.13"]
[SourceVersion "1"]
[SourceVersionDate "2019.06.21"]
[SourceQuality "1"]

1. c4 c6 2. g3 Nf6 3. Bg2 e6 4. d4 Bb4+ 5. Bd2 Bxd2+ 6. Nxd2 O-O 7. Ngf3 d5 8.
O-O Na6 9. a3 Nc7 10. Qc2 Qe7 11. c5 h6 12. Ne5 Nd7 13. f4 Nxe5 14. dxe5 b6 15.
cxb6 axb6 16. Qxc6 Qc5+ 17. Qxc5 bxc5 18. Rfc1 Na6 19. b4 c4 20. Nxc4 Bb7 21.
Nd6 Bc8 22. b5 1-0

[Event "18. Obert Int. Sant Marti 2016 - B"]
[Site "Barcelona ESP"]
[Date "2016.07.19"]
[Round "7.36"]
[White "Gonzalez Canovas, Sebastia"]
[Black "Franzoni Ladron, Enric"]
[Result "0-1"]
[WhiteElo "1659"]
[BlackElo "1811"]
[PlyCount "134"]
[EventDate "2016.07.13"]
[EventType "swiss"]
[EventRounds "9"]
[EventCountry "ESP"]
[SourceTitle "Ajedrez en Madrid"]
[Source "lmi"]
[SourceDate "2016.07.13"]
[SourceVersion "1"]
[SourceVersionDate "2019.06.21"]
[SourceQuality "1"]

1. c4 Nf6 2. Nc3 g6 3. g3 Bg7 4. Bg2 O-O 5. d3 d6 6. Nf3 e5 7. O-O h6 8. a3 a5
9. Bd2 c6 10. Ne1 Na6 11. b4 Bd7 12. bxa5 Nc5 13. Ra2 Qc7 14. Na4 Nxa4 15. Qxa4
b6 16. axb6 Qxb6 17. Qb4 Qc7 18. Qb1 Rfb8 19. Qc1 Kh7 20. Nc2 Ra4 21. Nb4 Ng8
22. f4 f5 23. Qc2 Rba8 24. Bc1 Ne7 25. Kh1 Qa7 26. Qd2 Rb8 27. Nc2 exf4 28.
Qxf4 Qc7 29. Qe3 Re8 30. Qf2 Qb8 31. e3 c5 32. Ne1 Nc6 33. Nf3 Qa7 34. Re1 Nb4
35. Rd2 Bc3 36. axb4 cxb4 37. Bb2 Bxd2 38. Qxd2 Rb8 39. Nd4 Ra2 40. Rc1 Qa3 41.
Rc2 Qa4 42. Bd5 b3 43. Rc3 Qa3 44. Bxa3 Rxd2 45. Rxb3 Rxb3 46. Nxb3 Rxd3 47.
Nc5 dxc5 48. Bxc5 Bb5 49. Bd4 Ba4 50. Kg2 Bb3 51. Kf3 Rd2 52. h4 Rc2 53. g4
fxg4+ 54. Kxg4 Bxc4 55. Be4 Be6+ 56. Kf4 Rf2+ 57. Kg3 Rf7 58. h5 Bf5 59. hxg6+
Bxg6 60. Bxg6+ Kxg6 61. Kg4 h5+ 62. Kg3 Kf5 63. Kh4 Rh7 64. Bb6 Rh6 65. Bd4 Rh7
66. Bc5 Kg6 67. e4 Rc7 0-1

[Event "18. Obert Int. Sant Marti 2016 - B"]
[Site "Barcelona ESP"]
[Date "2016.07.19"]
[Round "7.37"]
[White "Mas Sayos, Lluis"]
[Black "Pujal Moncho, Joaquim"]
[Result "0-1"]
[WhiteElo "1643"]
[BlackElo "1805"]
[PlyCount "78"]
[EventDate "2016.07.13"]
[EventType "swiss"]
[EventRounds "9"]
[EventCountry "ESP"]
[SourceTitle "Ajedrez en Madrid"]
[Source "lmi"]
[SourceDate "2016.07.13"]
[SourceVersion "1"]
[SourceVersionDate "2019.06.21"]
[SourceQuality "1"]

1. Nf3 Nf6 2. g3 d5 3. Bg2 e6 4. O-O c5 5. c4 d4 6. d3 Nc6 7. Na3 Be7 8. Bf4 a6
9. Nc2 O-O 10. a3 Nh5 11. Bd2 Rb8 12. b4 cxb4 13. axb4 b5 14. c5 Bb7 15. Qc1 e5
16. Rd1 Nf6 17. e3 dxe3 18. Bxe3 Nd5 19. Bd2 Bf6 20. Rb1 Nd4 21. Ncxd4 exd4 22.
Re1 Nc3 23. Bxc3 dxc3 24. Qc2 a5 25. bxa5 Qxa5 26. Ra1 Qb4 27. Ne5 Bxg2 28.
Kxg2 Qxc5 29. Ng4 Bd4 30. Rab1 Rfe8 31. h4 Rxe1 32. Rxe1 b4 33. Qb3 h5 34. Ne3
Re8 35. Kf3 Bxe3 36. fxe3 c2 37. Qb2 Qd5+ 38. Kf2 Qxd3 39. Qxb4 c1=Q 0-1

[Event "18. Obert Int. Sant Marti 2016 - B"]
[Site "Barcelona ESP"]
[Date "2016.07.19"]
[Round "7.38"]
[White "Cassi De La Viuda, Alex"]
[Black "Roche Peris, Eduard"]
[Result "0-1"]
[WhiteElo "1330"]
[BlackElo "1798"]
[PlyCount "56"]
[EventDate "2016.07.13"]
[EventType "swiss"]
[EventRounds "9"]
[EventCountry "ESP"]
[SourceTitle "Ajedrez en Madrid"]
[Source "lmi"]
[SourceDate "2016.07.13"]
[SourceVersion "1"]
[SourceVersionDate "2019.06.21"]
[SourceQuality "1"]

1. e4 e5 2. Nf3 Nf6 3. Nc3 Nc6 4. Bb5 Bb4 5. d3 d6 6. O-O O-O 7. Bg5 Bxc3 8.
bxc3 a6 9. Bc4 Na5 10. Bb3 Nxb3 11. cxb3 Bg4 12. h3 Be6 13. d4 h6 14. Bxf6 Qxf6
15. d5 Bd7 16. a4 Qg6 17. Nh4 Qxe4 18. Nf3 Qg6 19. Nh4 Qh7 20. Nf3 f5 21. Kh1
g5 22. Nh2 Qg6 23. g4 Rae8 24. Re1 fxg4 25. Nxg4 Bxg4 26. Qxg4 Rxf2 27. h4 Rf4
28. Qd7 Rxh4+ 0-1